000 01184cab a22002415a 4500
001 L140333
008 070918e20070914xxk f 000 0 eng d
035 _a(Sirsi) u140333
041 0 _aeng
100 1 _aRawlinson, Simon
245 0 0 _aProcurement
_btarget price contracts
260 _c2007
490 0 _aBuilding
_v272(8497) 14 September 2007, 62-65(4)
520 _aProvides an overview of target price contracts, and in particular the target contract options of the NEC. Explains how a target cost contract works, outlines the effective management and maintenance of incentives on target cost contracts, and highlights the advantages and disadvantages of target cost contracts. Includes a case study based on a commercial project using NEC2.
590 _aKA
650 2 4 _aNEC ENGINEERING AND CONSTRUCTION CONTRACT: OPTION D (THIRD EDITION)
650 2 4 _aNEC ENGINEERING AND CONSTRUCTION CONTRACT: OPTION C (THIRD EDITION)
650 2 4 _aNEC ENGINEERING AND CONSTRUCTION CONTRACT (SECOND EDITION)
651 4 _aUnited Kingdom
_y
690 _aProcurement
_96260
690 _aBUILT ENVIRONMENT-BUILDING CONTRACT FORMS-STANDARD FORMS OF BUILDING CONTRACT
942 _n0
999 _c79250
_d79250